Descubra el CICR /
| Autor Corporativo: | |
|---|---|
| Formato: | Libro |
| Publicado: |
Suiza :
El Comité,
2005
|
| Subjects: |
MARC
| LEADER | 00000nam a2200000Ia 4500 | ||
|---|---|---|---|
| 008 | 170510b2005 sz ||||| |||| 00| | e d | ||
| 999 | |c 1211 |d 1211 | ||
| 090 | |a 01.01.03 |b 1405 | ||
| 110 | 2 | |a Comité Internacional de la Cruz Roja |9 2714 | |
| 245 | 1 | 0 | |a Descubra el CICR / |c Comité Internacional de la Cruz Roja |
| 260 | |a Suiza : |b El Comité, |c 2005 | ||
| 300 | |a 52 páginas | ||
| 650 | 1 | 4 | |a AYUDA HUMANITARIA |9 2715 |
| 942 | |h 01.01.03 1405 |2 z |c 01 | ||
